00457 2200193 4500001002100000005001500021035002000036008004100056245003400097100002100131250000600152260003300158300001200191084001400203082000800217650001400225990001200239990001200251INLIS00000000000047920240430112200 a0010-0424000455240430 0 ind 1 aTsunami ! /cWalter C. Dudley aDudley, Walter C a1 aBandung :bPakar Raya,c2010 a362 hlm a550 WAL t a550 4aNon Fiksi a0728540 a0728541